images (140×140)   Dow University of Health Sciences Library Catalogue

Welcome to Dow University of Health Sciences Library Online Public Access Catalog

Hall and Colman's diseases of the ear, nose, and throat. (Record no. 22798)

MARC details
000 -LEADER
fixed length control field 00697nam a2200169Ia 4500
008 - FIXED-LENGTH DATA ELEMENTS--GENERAL INFORMATION
fixed length control field 241102s9999||||xx |||||||||||||| ||und||
020 ## - INTERNATIONAL STANDARD BOOK NUMBER
International Standard Book Number 9780443061905
060 ## - NATIONAL LIBRARY OF MEDICINE CALL NUMBER
Classification number WV 140
Item number .H35 2000
245 #0 - TITLE STATEMENT
Title Hall and Colman's diseases of the ear, nose, and throat.
250 ## - EDITION STATEMENT
Edition statement 15th ed. /
260 ## - PUBLICATION, DISTRIBUTION, ETC.
Place of publication, distribution, etc. Edinburgh ;;New York :
Name of publisher, distributor, etc. Churchill Livingstone,
Date of publication, distribution, etc. 2000
300 ## - PHYSICAL DESCRIPTION
Extent 224 p. :
Other physical details ill.
500 ## - GENERAL NOTE
General note Rev. ed. of: Hall & Colman's diseases of the nose, throat and ear, and head and neck / Bernard H. Colman. 14th ed. 1992.;Includes index.
650 ## - SUBJECT ADDED ENTRY--TOPICAL TERM
Topical term or geographic name entry element Otorhinolaryngologic Diseases
700 ## - ADDED ENTRY--PERSONAL NAME
Personal name Burton, Martin.;Leighton, Susanna.;Robson, Andrew,;Russell, John,;Colman, Bernard H.
942 ## - ADDED ENTRY ELEMENTS (KOHA)
-- DMC
Koha item type Books
Holdings
Date last seen Total checkouts Barcode Price effective from Koha item type Lost status Damaged status Not for loan Withdrawn status Home library Current library Date acquired
11/07/2024   22443 11/07/2024 Books         Dow Medical College Dow Medical College 11/07/2024



©2026, All rights reserved. Dow University of Health Sciences, Karachi, Pakistan.